[Event "Anderssen Memorial Open-A 2020"]
[Site "Wroclaw"]
[Date "2020.08.07"]
[Round "8.9"]
[White "Skurniak, Szymon"]
[Black "Wong, Gengchun"]
[Result "1/2-1/2"]
[WhiteElo "2036"]
[BlackElo "2190"]
[Annotator "ChessBase"]
[PlyCount "58"]
[EventDate "2020.08.01"]
[EventType "swiss"]
[EventCountry "POL"]
[SourceTitle "playchess.com"]
[Source "ChessBase"]
[SourceQuality "1"]
[TimeControl "40/5400+15:1800+30"]

1. e4 c5 {[%emt 0:03:46]} 2. Nf3 {[%emt 0:00:00]} d6 {[%emt 0:00:40]} 3. d4 {[%emt 0:00:00]} cxd4 {[%emt 0:00:00]} 4. Nxd4 {[%emt 0:00:00]} Nf6 {[%emt 0:00:00]} 5. Nc3 {[%emt 0:00:00]} a6 {[%emt 0:00:00]} 6. g3 {[%emt 0:00:00]} e5 {[%emt 0:00:54]} 7. Nde2 {[%emt 0:00:00]} Be7 {[%emt 0:00:00]} 8. Bg2 {[%emt 0:00:00]} O-O {[%emt 0:00:10]} 9. O-O {[%emt 0:00:00]} b5 {[%emt 0:00:53]} 10. Nd5 {[%emt 0:00:00]} Nxd5 {[%emt 0:02:22]} 11. Qxd5 {[%emt 0:00:00]} Ra7 {[%emt 0:00:00]} 12. Be3 {[%emt 0:00:00]} Rb7 {[%emt 0:06:44]} 13. Rfd1 {[%emt 0:12:24]} Qc7 {[%emt 0:06:31]} 14. Qd2 {[%emt 0:05:04]} Be6 {[%emt 0:11:25]} 15. Nc3 {[%emt 0:01:28]} Rc8 {[%emt 0:09:12]} 16. Nd5 {[%emt 0:00:08]} Qxc2 {[%emt 0:19:20]} 17. Nxe7+ {[%emt 0:07:28]} Rxe7 {[%emt 0:00:00]} 18. Rac1 {[%emt 0:00:01]} Qxd2 {[%emt 0:02:07]} 19. Rxc8+ {[%emt 0:00:00]} Bxc8 {[%emt 0:00:00]} 20. Rxd2 {[%emt 0:00:00]} Be6 {[%emt 0:03:25]} 21. Rxd6 {[%emt 0:00:00]} Rd7 {[%emt 0:00:00]} 22. Rb6 {[%emt 0:01:52]} Rd1+ {[%emt 0:03:12]} 23. Bf1 {[%emt 0:00:37]} Nd7 {[%emt 0:00:00]} 24. Rc6 {[%emt 0:00:31]} Bc4 {[%emt 0:17:55]} 25. Rc8+ {[%emt 0:00:32]} Nf8 {[%emt 0:00:00]} 26. Bc5 {[%emt 0:05:23]} h5 {[%emt 0:00:00]} 27. Rxf8+ {[%emt 0:03:40]} Kh7 {[%emt 0:00:00]} 28. Kg2 {[%emt 0:06:55]} Bxf1+ {[%emt 0:00:00]} 29. Kf3 {[%emt 0:00:00]} Bc4 {[%emt 0:03:30]} 1/2-1/2

[Event "Anderssen Memorial Open-A 2020"]
[Site "Wroclaw"]
[Date "2020.08.07"]
[Round "8.10"]
[White "Golecki, Jan"]
[Black "Trybus, Daniel"]
[Result "1-0"]
[WhiteElo "2106"]
[BlackElo "1950"]
[Annotator "ChessBase"]
[PlyCount "85"]
[EventDate "2020.08.01"]
[EventType "swiss"]
[EventCountry "POL"]
[SourceTitle "playchess.com"]
[Source "ChessBase"]
[SourceQuality "1"]
[TimeControl "40/5400+15:1800+30"]

1. e4 {[%emt 0:00:00]} c5 {[%emt 0:00:00]} 2. Nf3 {[%emt 0:00:00]} d6 {[%emt 0:00:00]} 3. d4 {[%emt 0:00:00]} cxd4 {[%emt 0:00:00]} 4. Nxd4 {[%emt 0:00:00]} Nf6 {[%emt 0:00:00]} 5. Nc3 {[%emt 0:00:00]} a6 {[%emt 0:00:00]} 6. Be2 {[%emt 0:00:00]} e6 {[%emt 0:00:00]} 7. Be3 {[%emt 0:00:00]} Be7 {[%emt 0:00:00]} 8. O-O {[%emt 0:00:00]} O-O {[%emt 0:00:00]} 9. f4 {[%emt 0:00:00]} Qc7 {[%emt 0:00:00]} 10. Qe1 {[%emt 0:00:00]} Nc6 {[%emt 0:00:00]} 11. Qg3 {[%emt 0:00:00]} Nxd4 {[%emt 0:00:00]} 12. Bxd4 {[%emt 0:00:00]} b5 {[%emt 0:00:00]} 13. a3 {[%emt 0:00:00]} Bb7 {[%emt 0:00:00]} 14. Rae1 {[%emt 0:00:00]} Rad8 {[%emt 0:00:00]} 15. Kh1 {[%emt 0:00:00]} Rd7 {[%emt 0:00:00]} 16. Bd3 {[%emt 0:00:26]} Re8 {[%emt 0:00:00]} 17. e5 {[%emt 0:04:03]} dxe5 {[%emt 0:00:00]} 18. Bxe5 {[%emt 0:00:01]} Qd8 {[%emt 0:00:00]} 19. f5 {[%emt 0:23:52]} Bd6 {[%emt 0:00:00]} 20. Qh3 {[%emt 0:03:57]} Bxe5 {[%emt 0:05:06]} 21. Rxe5 {[%emt 0:00:33]} Rde7 {[%emt 0:04:22]} 22. Ne4 {[%emt 0:27:24]} Bxe4 {[%emt 0:15:13]} 23. Bxe4 {[%emt 0:10:18]} Qd4 {[%emt 0:01:24]} 24. Qg3 {[%emt 0:02:34]} Nh5 {[%emt 0:01:45]} 25. Qc3 {[%emt 0:00:28]} Qxc3 {[%emt 0:05:06]} 26. bxc3 {[%emt 0:00:00]} exf5 {[%emt 0:01:18]} 27. Rxe7 {[%emt 0:00:12]} Rxe7 {[%emt 0:00:02]} 28. Bxf5 {[%emt 0:01:55]} g6 {[%emt 0:02:05]} 29. Bc8 {[%emt 0:00:47]} Ra7 {[%emt 0:01:57]} 30. g4 {[%emt 0:00:36]} Ng7 {[%emt 0:01:23]} 31. c4 {[%emt 0:04:46]} Kf8 {[%emt 0:03:15]} 32. Rf6 {[%emt 0:07:29]} Ke7 {[%emt 0:04:50]} 33. Rc6 {[%emt 0:01:29]} Ne6 {[%emt 0:03:07]} 34. Rxa6 Rxa6 {[%emt 0:01:57]} 35. Bxa6 {[%emt 0:00:46]} bxc4 {[%emt 0:01:19]} 36. Bxc4 {[%emt 0:00:00]} Nd4 {[%emt 0:00:22]} 37. Bd3 {[%emt 0:02:11]} Kd6 {[%emt 0:01:45]} 38. Kg2 {[%emt 0:01:34]} Ke5 {[%emt 0:01:23]} 39. c3 {[%emt 0:01:52]} Ne6 {[%emt 0:00:24]} 40. Kf3 {[%emt 0:00:00]} f5 {[%emt 0:00:00]} 41. gxf5 {[%emt 0:16:21]} gxf5 {[%emt 0:15:26]} 42. a4 {[%emt 0:02:01]} Nc5 {[%emt 0:00:23]} 43. a5 {[%emt 0:00:52]} 1-0

[Event "Anderssen Memorial Open-A 2020"]
[Site "Wroclaw"]
[Date "2020.08.07"]
[Round "8.11"]
[White "Jankowiak, Piotr"]
[Black "Gardian, Adam"]
[Result "1-0"]
[WhiteElo "2009"]
[BlackElo "1723"]
[Annotator "ChessBase"]
[PlyCount "83"]
[EventDate "2020.08.01"]
[EventType "swiss"]
[EventCountry "POL"]
[SourceTitle "playchess.com"]
[Source "ChessBase"]
[SourceQuality "1"]
[TimeControl "40/5400+15:1800+30"]

1. Nf3 {[%emt 0:00:00]} e6 {[%emt 0:00:24]} 2. b3 {[%emt 0:00:00]} f5 {[%emt 0:00:11]} 3. g3 {[%emt 0:01:33]} Nf6 {[%emt 0:00:13]} 4. Bg2 {[%emt 0:00:00]} Be7 {[%emt 0:00:16]} 5. c4 {[%emt 0:02:03]} O-O {[%emt 0:00:21]} 6. O-O {[%emt 0:00:00]} Qe8 {[%emt 0:05:18]} 7. Bb2 {[%emt 0:01:27]} Qh5 {[%emt 0:00:28]} 8. d3 {[%emt 0:09:17]} d6 {[%emt 0:04:38]} 9. Nc3 {[%emt 0:07:42]} e5 {[%emt 0:01:16]} 10. e4 {[%emt 0:28:14]} f4 {[%emt 0:14:09]} 11. d4 {[%emt 0:00:40]} c6 {[%emt 0:07:00]} 12. Ba3 {[%emt 0:03:39]} Rd8 {[%emt 0:02:47]} 13. Qe2 {[%emt 0:03:07]} fxg3 {[%emt 0:05:48]} 14. fxg3 {[%emt 0:03:07]} Bg4 {[%emt 0:00:34]} 15. dxe5 {[%emt 0:01:28]} Bxf3 {[%emt 0:01:07]} 16. Rxf3 {[%emt 0:03:50]} Qxe5 {[%emt 0:00:46]} 17. Rd1 {[%emt 0:01:59]} Nbd7 {[%emt 0:01:32]} 18. Bb2 {[%emt 0:04:18]} Qc5+ {[%emt 0:00:31]} 19. Kh1 {[%emt 0:04:43]} Ne5 {[%emt 0:00:00]} 20. Rf5 {[%emt 0:00:58]} Nfg4 {[%emt 0:00:54]} 21. Re1 {[%emt 0:02:07]} Rf8 {[%emt 0:09:33]} 22. h3 {[%emt 0:00:24]} Nf2+ {[%emt 0:05:15]} 23. Kh2 {[%emt 0:00:00]} Nfd3 {[%emt 0:05:56]} 24. Na4 {[%emt 0:00:00]} Qa5 {[%emt 0:02:13]} 25. Bc3 {[%emt 0:00:46]} Qc7 {[%emt 0:00:00]} 26. Rd1 {[%emt 0:01:15]} b5 {[%emt 0:02:10]} 27. Nb2 {[%emt 0:02:54]} Nxb2 {[%emt 0:02:37]} 28. Bxb2 {[%emt 0:00:20]} Rab8 {[%emt 0:04:32]} 29. c5 {[%emt 0:00:25]} Ng6 {[%emt 0:00:53]} 30. b4 {[%emt 0:03:07]} Rbe8 {[%emt 0:02:05]} 31. Qd3 {[%emt 0:02:42]} dxc5 {[%emt 0:03:05]} 32. bxc5 {[%emt 0:00:20]} Qa5 {[%emt 0:01:44]} 33. Qb3+ {[%emt 0:00:20]} Kh8 {[%emt 0:00:12]} 34. Rf7 {[%emt 0:00:55]} Bf6 {[%emt 0:01:22]} 35. Bxf6 {[%emt 0:00:33]} gxf6 {[%emt 0:00:35]} 36. Rdd7 {[%emt 0:00:00]} Rxf7 {[%emt 0:02:29]} 37. Qxf7 {[%emt 0:00:00]} Re7 {[%emt 0:00:00]} 38. Rxe7 {[%emt 0:01:21]} Nxe7 {[%emt 0:00:00]} 39. Qxf6+ {[%emt 0:00:17]} Kg8 {[%emt 0:00:00]} 40. Qxe7 {[%emt 0:00:00]} Qxa2 {[%emt 0:00:00]} 41. e5 {[%emt 0:15:08]} b4 {[%emt 0:14:39]} 42. e6 {[%emt 0:01:00]} 1-0

[Event "Anderssen Memorial Open-A 2020"]
[Site "Wroclaw"]
[Date "2020.08.07"]
[Round "8.12"]
[White "Bojczewski, Mateusz"]
[Black "Peglau, Mirjam"]
[Result "1/2-1/2"]
[WhiteElo "1886"]
[BlackElo "1851"]
[Annotator "NA"]
[PlyCount "60"]
[EventDate "2020.08.01"]
[EventType "swiss"]
[EventCountry "POL"]
[SourceTitle "playchess.com"]
[Source "ChessBase"]
[SourceQuality "1"]
[TimeControl "40/5400+15:1800+30"]

{[%evp 8,47,30,32767,32767,9,85,32767,32767,63,32767,77,32767,125,136,143,208,174,184,207,196,77,88,-61,-68,-84,-132,-104,-93,-99,32767,32767,32767,32767,32767,32767,32767,32767,-72,32767,-44,-52]} 1. e4 {[%emt 0:00:00]} c6 {[%emt 0:00:00]} 2. d4 {[%emt 0:00:00]} d5 {[%emt 0:00:00]} 3. Nc3 {[%emt 0:00:00]} dxe4 {[%emt 0:00:00]} 4. Nxe4 {[%emt 0:00:00]} Bf5 {[%emt 0:00:00]} 5. Ng3 {[%emt 0:00:00]} Bg6 {[%emt 0:00:00]} 6. Nh3 {[%emt 0:00:00]} h6 {[%emt 0:00:00]} (6... Nf6 $11) 7. Nf4 {[%emt 0:00:00]} Bh7 {[%emt 0:00:00]} 8. Bc4 {[%emt 0:00:00]} Nf6 {[%emt 0:00:54]} 9. O-O {[%emt 0:00:39] B18: Classical Caro-Kann: 4...Bf5 sidelines.} e6 {[%emt 0:00:55]} 10. Re1 {[%emt 0:10:49]} Be7 {[%emt 0:07:53]} 11. Bxe6 {[%emt 0:16:59]} fxe6 {[%emt 0:00:00]} 12. Nxe6 {[%emt 0:00:00] Double Attack} Qd7 {[%emt 0:01:01]} 13. Nxg7+ {[%emt 0:06:41]} Kf7 {[%emt 0:00:21]} 14. Bxh6 {[%emt 0:05:19]} (14. N7h5 $18 {and White stays clearly on top.}) 14... Bg6 {[%emt 0:07:42]} 15. Qd2 {[%emt 0:00:54]} ({White should try} 15. Qf3 $14 Rxh6 16. Rxe7+ {[%mdl 64] Deflection} Qxe7 17. N7f5 Bxf5 18. Nxf5) 15... Bf8 {[%emt 0:07:24] [#]} 16. Qg5 $146 {[%emt 0:08:21] [#]} ({Avoid the trap} 16. Bg5 $2 Bxg7 17. Qb4 Nd5 $19) ({Predecessor:} 16. N7f5 Bxf5 17. Bxf8 Rxf8 18. Nxf5 Qxf5 19. Re5 Qd7 20. Rae1 Na6 21. Re7+ Qxe7 22. Rxe7+ Kxe7 {0-1 (35) Ung,T (1348)-Huang,J (1747) Mount Buller 2005}) 16... Rxh6 $1 {[%emt 0:06:23]} ({Not} 16... Bxg7 17. Bxg7 Kxg7 {[#]} 18. Re7+ $1 {[%mdl 576] Deflection, Decoy} Qxe7 19. Nf5+ {[%mdl 64] Double Attack} Kf7 20. Nxe7 $18) 17. Qxh6 {[%emt 0:04:22]} Bxg7 {[%emt 0:00:00]} 18. Qf4 {[%emt 0:01:03]} Na6 {[%emt 0:05:36]} 19. Ne4 {[%emt 0:04:13]} Bxe4 {[%emt 0:00:27]} 20. Rxe4 {[%emt 0:00:00]} Re8 {[%emt 0:00:00]} 21. Rae1 {[%emt 0:00:16]} Rxe4 {[%emt 0:09:41]} 22. Rxe4 {[%emt 0:00:00] [#]} Qd5 {[%emt 0:04:11]} (22... Nc5 $142 $1 {[%mdl 512]} 23. Re1 (23. dxc5 Qd1+) 23... Ne6 {[%mdl 64] Double Attack}) 23. Re5 {[%emt 0:01:36]} Qxa2 {[%emt 0:02:54]} 24. g4 $15 {[%emt 0:00:05]} Qb1+ {[%emt 0:14:35]} 25. Kg2 {[%emt 0:00:00]} Qxc2 {[%emt 0:00:19]} 26. g5 {[%emt 0:00:03]} Qg6 {[%emt 0:00:27]} 27. Kh1 {[%emt 0:00:11]} Qb1+ {[%emt 0:10:35]} 28. Kg2 {[%emt 0:00:00]} Qg6 {[%emt 0:01:17]} 29. Kh1 {[%emt 0:00:00]} Qb1+ {[%emt 0:12:24]} 30. Kg2 {[%emt 0:00:00]} Qg6 {[%emt 0:00:00]} 1/2-1/2

[Event "Anderssen Memorial Open-A 2020"]
[Site "Wroclaw"]
[Date "2020.08.07"]
[Round "8.13"]
[White "Roessler, Frank-Peter"]
[Black "Vanduyfhuys, Daria"]
[Result "0-1"]
[WhiteElo "1902"]
[BlackElo "1985"]
[Annotator "TA"]
[PlyCount "48"]
[EventDate "2020.08.01"]
[EventType "swiss"]
[EventCountry "POL"]
[SourceTitle "playchess.com"]
[Source "ChessBase"]
[SourceQuality "1"]

{[%evp 15,48,-14,-11,-14,-2,0,3,-45,-46,-71,-48,-74,-76,-181,-168,-233,-243,-248,-249,-247,-237,-225,-241,-683,-676,-665,-660,-650,-603,-581,-564,-650,-643,-610,-597]} 1. f4 d5 2. Nf3 c5 3. g3 Nc6 4. Bg2 Nf6 5. c4 d4 6. d3 g6 7. O-O Bg7 8. Na3 O-O {[#]} 9. Rb1 $146 {A03: Bird's Opening with 1...d5.} ({Predecessor:} 9. Nc2 Re8 10. Bd2 e5 11. fxe5 Nxe5 12. b4 Nxf3+ 13. Bxf3 cxb4 14. Nxb4 a5 15. Nd5 Bh3 16. Re1 Nxd5 17. Bxd5 {1-0 (30) Bachler,R (2143)-Brehovsky,P (2149) Playchess.com INT 2020}) 9... Bd7 10. Nc2 Rb8 11. e4 {The position is equal.} dxe3 $1 12. Bxe3 Bf5 13. Nfe1 {[#]} Qd6 $1 $36 {[%mdl 2048] Keeping White busy.} 14. b4 (14. h3 $17) 14... cxb4 15. c5 (15. h3 $142) 15... Qd7 $19 16. Nxb4 Nxb4 17. Rxb4 Ng4 18. Qe2 a5 19. Rxb7 $2 (19. Rc4) 19... Rxb7 {Black is clearly winning.} 20. c6 Qe6 {[#] ...Rb2 is the strong threat.} 21. cxb7 {White wants to play Nc2.} Qxe3+ 22. Qxe3 Nxe3 23. Rf2 Nxg2 24. Kxg2 Rb8 {White did not feel at home in the position after the opening. Accuracy: White = 31%, Black = 100%.} 0-1

[Event "Anderssen Memorial Open-A 2020"]
[Site "Wroclaw"]
[Date "2020.08.07"]
[Round "8.14"]
[White "Krawiec, Grzegorz"]
[Black "Szczesniak, Konrad"]
[Result "1/2-1/2"]
[WhiteElo "1812"]
[BlackElo "2033"]
[Annotator "ChessBase"]
[PlyCount "57"]
[EventDate "2020.08.01"]
[EventType "swiss"]
[EventCountry "POL"]
[SourceTitle "playchess.com"]
[Source "ChessBase"]
[SourceQuality "1"]
[TimeControl "40/5400+15:1800+30"]

1. e4 {[%emt 0:00:00]} c5 {[%emt 0:00:00]} 2. Nf3 {[%emt 0:00:00]} Nc6 {[%emt 0:00:00]} 3. d4 {[%emt 0:00:00]} cxd4 {[%emt 0:00:00]} 4. Nxd4 {[%emt 0:00:00]} e5 {[%emt 0:00:00]} 5. Nb5 {[%emt 0:00:00]} d6 {[%emt 0:00:00]} 6. N1c3 {[%emt 0:00:00]} a6 {[%emt 0:00:00]} 7. Na3 {[%emt 0:00:00]} b5 {[%emt 0:00:00]} 8. Nd5 {[%emt 0:00:00]} Nce7 {[%emt 0:00:00]} 9. c4 {[%emt 0:00:00]} Nxd5 {[%emt 0:00:00]} 10. Qxd5 {[%emt 0:05:59]} Be6 {[%emt 0:00:00]} 11. Qd3 {[%emt 0:08:29]} Nf6 {[%emt 0:00:00]} 12. cxb5 {[%emt 0:11:48]} d5 {[%emt 0:00:00]} 13. exd5 {[%emt 0:05:06]} Bxd5 {[%emt 0:01:43]} 14. Nc2 {[%emt 0:01:27]} Qc7 {[%emt 0:01:39]} 15. Ne3 {[%emt 0:05:28]} Bb4+ {[%emt 0:20:29]} 16. Bd2 {[%emt 0:00:28]} Be4 {[%emt 0:00:02]} 17. Qe2 {[%emt 0:02:25]} Bxd2+ {[%emt 0:01:07]} 18. Qxd2 {[%emt 0:00:00]} O-O {[%emt 0:00:01]} 19. Qc3 {[%emt 0:08:11]} Qb6 {[%emt 0:02:05]} 20. Be2 {[%emt 0:05:46]} Rac8 {[%emt 0:00:37]} 21. Qb4 {[%emt 0:00:47]} Bc6 {[%emt 0:05:41]} 22. a4 {[%emt 0:07:31]} axb5 {[%emt 0:00:18]} 23. Bxb5 {[%emt 0:01:17]} Rb8 {[%emt 0:00:17]} 24. O-O {[%emt 0:03:00]} Rfd8 {[%emt 0:04:17]} 25. Rfd1 {[%emt 0:02:22]} Rd4 {[%emt 0:01:59]} 26. Rxd4 {[%emt 0:00:54]} exd4 {[%emt 0:00:00]} 27. Nc4 {[%emt 0:00:12]} Qa7 {[%emt 0:00:00]} 28. Qa5 {[%emt 0:03:33]} Qxa5 {[%emt 0:00:15]} 29. Nxa5 {[%emt 0:00:00]} 1/2-1/2

[Event "Anderssen Memorial Open-A 2020"]
[Site "Wroclaw"]
[Date "2020.08.07"]
[Round "8.15"]
[White "Peglau, Dora"]
[Black "Peglau, Markus"]
[Result "1/2-1/2"]
[WhiteElo "1704"]
[BlackElo "1910"]
[Annotator "ChessBase"]
[PlyCount "76"]
[EventDate "2020.08.01"]
[EventType "swiss"]
[EventCountry "POL"]
[SourceTitle "playchess.com"]
[Source "ChessBase"]
[SourceQuality "1"]
[TimeControl "40/5400+15:1800+30"]

1. e4 {[%emt 0:00:00]} Nf6 {[%emt 0:00:00]} 2. e5 {[%emt 0:00:00]} Nd5 {[%emt 0:00:00]} 3. c4 {[%emt 0:00:00]} Nb6 {[%emt 0:00:00]} 4. d4 {[%emt 0:00:00]} d6 {[%emt 0:00:00]} 5. exd6 {[%emt 0:00:09]} exd6 {[%emt 0:00:00]} 6. Nc3 {[%emt 0:00:07]} Nc6 {[%emt 0:00:03]} 7. Nf3 {[%emt 0:00:12]} Be7 {[%emt 0:03:03]} 8. Be2 {[%emt 0:00:37]} O-O {[%emt 0:02:23]} 9. O-O {[%emt 0:00:14]} Re8 {[%emt 0:02:27]} 10. Bf4 {[%emt 0:00:17]} Bf6 {[%emt 0:01:37]} 11. Qd2 {[%emt 0:07:48]} Bg4 {[%emt 0:02:34]} 12. d5 {[%emt 0:04:28]} Bxf3 {[%emt 0:02:01]} 13. Bxf3 {[%emt 0:03:00]} Nxc4 {[%emt 0:03:50]} 14. Qc1 {[%emt 0:07:01]} N6e5 {[%emt 0:03:54]} 15. Be2 {[%emt 0:02:26]} Qd7 {[%emt 0:01:48]} 16. Ne4 {[%emt 0:03:10]} Nb6 {[%emt 0:03:03]} 17. Nxf6+ {[%emt 0:00:41]} gxf6 {[%emt 0:00:00]} 18. Qd2 {[%emt 0:02:38]} Qf5 {[%emt 0:02:54]} 19. Rac1 {[%emt 0:15:38]} Ng6 {[%emt 0:09:15]} 20. Bg3 {[%emt 0:00:21]} Re7 {[%emt 0:10:45]} 21. Rfd1 {[%emt 0:02:36]} Rae8 {[%emt 0:03:39]} 22. Bb5 {[%emt 0:01:43]} Rd8 {[%emt 0:05:53]} 23. Bf1 {[%emt 0:08:44]} Rde8 {[%emt 0:00:54]} 24. Qa5 {[%emt 0:02:48]} h5 {[%emt 0:10:19]} 25. h3 {[%emt 0:03:20]} h4 {[%emt 0:00:38]} 26. Bh2 {[%emt 0:00:00]} a6 {[%emt 0:04:35]} 27. Bxd6 {[%emt 0:02:26]} cxd6 {[%emt 0:01:59]} 28. Qxb6 {[%emt 0:00:00]} Qe5 {[%emt 0:03:57]} 29. Rc2 {[%emt 0:11:47]} Nf4 {[%emt 0:00:41]} 30. Qd4 {[%emt 0:00:26]} Qxd4 {[%emt 0:03:22]} 31. Rxd4 {[%emt 0:00:00]} Ne2+ {[%emt 0:00:39]} 32. Bxe2 {[%emt 0:00:11]} Rxe2 {[%emt 0:00:00]} 33. Rxe2 {[%emt 0:00:37]} Rxe2 {[%emt 0:00:00]} 34. Rb4 Re1+ 35. Kh2 b5 36. Rb3 Rd1 37. Ra3 Rxd5 38. Rxa6 Rd2 1/2-1/2

[Event "Anderssen Memorial Open-A 2020"]
[Site "Wroclaw"]
[Date "2020.08.08"]
[Round "9.1"]
[White "Jankowiak, Tomasz"]
[Black "Barski, Radoslaw"]
[Result "0-1"]
[WhiteElo "2115"]
[BlackElo "2444"]
[Annotator "TA"]
[PlyCount "60"]
[EventDate "2020.08.01"]
[EventType "swiss"]
[EventCountry "POL"]
[SourceTitle "playchess.com"]
[Source "ChessBase"]
[SourceQuality "1"]

{[%evp 10,59,32,24,31,20,29,17,27,22,27,25,26,50,43,0,0,0,0,-7,60,70,62,56,52,79,84,6,86,74,97,-70,-58,-294,-274,-626,-630,-632,-618,-840,-837,-786,-427,-797,-753,-850,-718,-29994,-29995,-29998,-29999,-29999]} 1. e4 c5 2. Nf3 d6 3. Bb5+ Nc6 4. O-O Bd7 5. Re1 Nf6 6. c3 a6 {B51: Sicilian: Moscow Variation (3 Bb5+) without 3...Bd7.} 7. Bc4 Bg4 8. d4 Bxf3 {The position is equal.} 9. gxf3 e6 10. d5 Ne5 11. Bf1 g5 12. dxe6 fxe6 13. Bxg5 {f4 is the strong threat.} Rg8 14. f4 $36 {[%mdl 2048] [#] Threatens to win with Bg2. White is more active.} Bh6 $146 (14... Nf7 $11) ({Predecessor:} 14... Nf7 15. Bg2 Nxg5 16. fxg5 Rxg5 17. f4 Rg8 {½-½ (17) Goh,W (2501)-Paragua,M (2529) chess24.com INT 2020}) 15. Bg2 $14 Bxg5 16. fxg5 Ng6 17. e5 (17. gxf6 Nf4 $15) 17... dxe5 {[#]} 18. Na3 (18. gxf6 $2 Nf4 $17) ({White should try} 18. Nd2 $1 $16) 18... Nd5 {[#]} (18... Nf4 $1 $11 19. h4 h6) 19. Qg4 $1 $16 {[%cal Rg4e6]} Ndf4 {Strongly threatening ...h5.} 20. Nc4 $2 ({Better is} 20. Bxb7 $16 {aiming for Rad1.} Rb8 21. Rad1 (21. Bxa6 Qxg5 {[%mdl 64] Decoy} 22. Qxg5 Nh3+ 23. Kf1 Nxg5 $14) 21... Qxg5 {[%mdl 64] Decoy} 22. Qxg5 (22. Bc6+ Kf7 $16) 22... Nh3+ 23. Kf1 Nxg5 24. Bc6+ (24. Bxa6 Rxb2 25. Re2 Rxe2 $15) 24... Kf7 25. Rd7+ Kf6 26. Nc4) 20... h5 $1 $15 {[%cal Rh5g4]} 21. gxh6 $2 {This move loses the game for White.} (21. Qg3 $15 Nh4 22. Bxb7 Rxg5 23. Rad1 Ne2+ {[%mdl 64] Pin} 24. Kf1 Nxg3+ 25. hxg3) 21... Ne7 $1 $19 {[%csl LRg2,LRg4]} 22. h7 $2 (22. Qxg8+ Nxg8 23. h7) 22... Rxg4 23. h8=Q+ Rg8 24. Qxe5 Rxg2+ 25. Kh1 Qd5 26. Nd6+ {[#]} (26. Qxd5 $142 exd5 27. Ne5) 26... Kd7 $1 {( -> ...Rxh2+!)} 27. Qxd5 exd5 28. Nxb7 {[#]} Rh8 $1 {[%csl Gg2][%cal Rh8h2] Black mates.} 29. Nxc5+ {[#]} Kc8 $1 {[%csl Gg2][%cal Rh8h2]} 30. Ne6 Rhxh2# {Accuracy: White = 35%, Black = 78%.} 0-1

[Event "Anderssen Memorial Open-A 2020"]
[Site "Wroclaw"]
[Date "2020.08.08"]
[Round "9.2"]
[White "Kopylov, Daniel"]
[Black "Cukrowski, Filip"]
[Result "1/2-1/2"]
[WhiteElo "2348"]
[BlackElo "2419"]
[Annotator "TA"]
[PlyCount "46"]
[EventDate "2020.08.01"]
[EventType "swiss"]
[EventCountry "POL"]
[SourceTitle "playchess.com"]
[Source "ChessBase"]
[SourceQuality "1"]

{[%evp 16,46,22,-15,-14,-16,-16,-10,0,-14,0,12,31,0,0,0,0,0,0,0,0,0,0,0,0,0,0,0,0,0,0,0,0]} 1. e4 e6 2. d4 d5 3. exd5 exd5 4. Nf3 Nf6 5. Bd3 c5 6. O-O c4 7. Re1+ Be7 8. Bf1 O-O 9. Bg5 h6 {C01: French: Exchange Variation.} 10. Bh4 Nc6 11. Ne5 {[#]} Re8 $146 ({Predecessor:} 11... Bf5 12. c3 g5 13. Bg3 Ne4 14. Nd2 Nxg3 15. hxg3 Nxe5 16. Rxe5 Qd7 17. Qf3 Be6 18. Rae1 Rae8 19. Nxc4 dxc4 20. d5 Bc5 21. Qf6 Bxd5 22. Rxg5+ hxg5 23. Qxg5+ {½-½ (23) Thesing,M (2409)-De Jong,M (2367) Groningen 2011}) 12. b3 cxb3 13. axb3 Qb6 14. Nc3 {[%cal Bb1c3,Bc3a4,Ba4b6][%mdl 32]} Bb4 {The position is equal.} 15. Na4 Qxd4 16. Nxc6 Qxd1 ({Avoid the trap} 16... Qxh4 $2 17. Rxe8+ Nxe8 18. g3 $18) 17. Rexd1 bxc6 18. Bxf6 gxf6 {[#]} 19. Nb6 $1 {[%mdl 512]} Bg4 (19... axb6 20. Rxa8) 20. Rd4 {[%mdl 64] Double Attack} Bf5 $1 21. Nxa8 Bc3 {[%mdl 64] Double Attack} 22. Rf4 {Ra2 is the strong threat.} Bxa1 23. Rxf5 {[#] And now Nc7 would win.} Rxa8 {Not much happened in this game. Accuracy: White = 89%, Black = 90%.} 1/2-1/2

[Event "Anderssen Memorial Open-A 2020"]
[Site "Wroclaw"]
[Date "2020.08.08"]
[Round "9.3"]
[White "Kopylov, Michael"]
[Black "Krzywda, Andrzej"]
[Result "1-0"]
[WhiteElo "2407"]
[BlackElo "2156"]
[Annotator "TA"]
[PlyCount "93"]
[EventDate "2020.08.01"]
[EventType "swiss"]
[EventCountry "POL"]
[SourceTitle "playchess.com"]
[Source "ChessBase"]
[SourceQuality "1"]

{[%evp 29,93,10,15,0,21,25,0,0,0,0,2,0,10,0,79,59,69,54,143,156,152,158,196,200,368,374,400,385,375,383,418,404,457,433,426,429,450,381,393,392,369,344,587,585,555,564,804,779,636,616,1731,1695,12840,12840,12841,12841,12841,12842,12842,12843,29988,29989,29989,29990,29992,29993]} 1. d4 Nf6 2. c4 e6 3. g3 c5 4. d5 exd5 5. cxd5 d6 6. Nc3 g6 7. Bg2 Bg7 8. Nf3 O-O 9. Nd2 Nbd7 10. O-O a6 11. a4 Re8 12. h3 Rb8 13. Nc4 Ne5 14. Na3 Nh5 15. e4 Bd7 16. a5 {A64: Modern Benoni: Fianchetto Variation: 9...Nbd7 10 Nd2 a6 11 a4 Re8.} b5 {[#] White must now prevent ...b4.} 17. axb6 $1 Bb5 18. Naxb5 {The position is equal.} axb5 19. Nxb5 {next Ra6 is good for White.} Qxb6 20. Na3 {[%cal Bb5a3,Ba3c4,Bc4d6][%mdl 32]} Qb3 21. Kh2 {[#]} Nd3 $146 (21... Qxd1 $11 22. Rxd1 Rb3) ({Predecessor:} 21... Qxd1 22. Rxd1 Rb3 23. g4 Nf6 24. Kg1 Nfd7 25. f4 Nf3+ 26. Kf2 Nh4 27. Nc4 Bd4+ {1-0 (45) Grischuk,A (2760)-Vocaturo,D (2581) Khanty-Mansiysk 2010}) 22. Qxb3 $16 Rxb3 23. Nc4 Rb4 (23... Reb8 $14) 24. Nxd6 Rd8 25. Be3 Be5 26. Ra3 Nxb2 $2 (26... Bxd6 27. Rxd3 Rxb2) 27. Bxc5 $18 Rbb8 28. Nxf7 ({Less strong is} 28. Ra6 Nd3 $16) 28... Kxf7 29. f4 Bd6 30. Ra7+ Kg8 31. Bxd6 Rxd6 32. e5 Rdd8 33. d6 Nd3 34. Rd1 Nc5 35. Rc1 Rb5 $2 (35... Ne6 36. Bd5 Nhg7) 36. Bd5+ Kh8 {intending ...Nd3.} 37. Rc2 Nd3 38. Ra8 Rxa8 39. Bxa8 {d7 would kill now.} Nc5 40. Bc6 Ra5 {[#]} 41. Rxc5 $1 {[%mdl 512]} Rxc5 42. d7 Rc2+ 43. Kg1 Rd2 44. e6 Nxg3 45. e7 {White mates.} Ne2+ 46. Kf1 Ng3+ 47. Ke1 {White took control after the opening. Accuracy: White = 100%, Black = 39%.} 1-0